| 000 | 01591nam a2200385 c 4500 | ||
|---|---|---|---|
| 003 | BLK | ||
| 005 | 20180420231150.0 | ||
| 008 | 180409b bul|||||r ||||||| ||bul|| | ||
| 010 | _aKNG00122179000 | ||
| 040 | _aBLK | ||
| 041 |
_aBUL _cBUL |
||
| 080 |
_aЕстетика. Философия. Вкус. Теория на музиката. Вж и 534.3;781 _b78.01 _x _z78.01 |
||
| 100 | 1 |
_aАдорно, Теодор В. _eпърви автор _929645 |
|
| 700 | 1 |
_aВермут, Макс _eпрев. от нем. _9314805 |
|
| 139 |
_aАдорно, Теодор В. _bА 33 |
||
| 245 | 1 | 0 |
_aФилософия на новата музика _cТеодор В. Адорно; прев. от нем. Макс Вермут. |
| 257 | _aDEU | ||
| 260 |
_аСофия _bНаука и изкуство _c1990 |
||
| 300 |
_a339 с. _c17 см |
||
| 380 | _a7 | ||
| 490 | 1 | _aБиблиотека Човекът и изкуството | |
| 500 | _aОриг. загл. Philosophie der neuen Musik / Theodor W. Adorno. - Показалец на имена и творби | ||
| 650 | 4 |
_aМузика - ХХ век _9277062 |
|
| 650 | 4 |
_aЕстетика, музикална _9246673 |
|
| 650 | 4 |
_aМузика - философски проблеми _9246672 |
|
| 653 | _aмузикална естетика | ||
| 653 | _aфилософия | ||
| 653 | _aмузика | ||
| 653 | _aХХ в. | ||
| 852 | _aЦб І 24913 | ||
| 856 | 4 |
_qpdf _u |
|
| 856 | 4 |
_qpdf _u |
|
| 942 |
_cKNG _n0 |
||
| 944 |
_aCR _c19.03.2011 _lдобави в АБ / 18.03.2011 _kВиолета_Тройчева |
||
| 944 |
_aED _c25.03.2011 _lдобави в АБ / 18.03.2011 _k |
||
| 999 |
_c116620 _d116620 |
||